000 00811cam a2200205 4500
001 WB3827-12
008 020723n2002 000 0 eng u
035 _a(Sirsi) u118996
245 _aEstate agents retreat over seller's pack
260 _c2002
490 _aEstates Gazette
_v(0229) 20 July 2002, 28(1)
520 _aPressure from members has led to the National Association of Estate Agents to withdraw its support for seller's packs. Estate agents are particularly concerned over the plan to make marketing a house without a seller's pack a criminal offence.
590 _aWB
650 _aSELLERS PACKS
650 _aESTATE AGENTS
650 _aHOUSING BILL 2003
650 _aPROPERTY-RESIDENTIAL PROPERTY-ACQUISITION AND DISPOSAL OF RESIDENTIAL PROPERTY
690 _aPROPERTY
942 _n0
999 _c70791
_d70791